Todos mis libros : reflexiones en torno a las bibliotecas personales en México y América Latina /

Ensayos sobre el valor simbólico, histórico y personal de las bibliotecas privadas, escritos por especialistas desde diversas perspectivas en México y América Latina.

Αποθηκεύτηκε σε:
Λεπτομέρειες βιβλιογραφικής εγγραφής
Άλλοι συγγραφείς: Garone Gravier, Marina (editora.), Sánchez Menchero, Mauricio (Επιμελητής έκδοσης)
Μορφή: Ηλ. βιβλίο
Γλώσσα:Ισπανικά
Έκδοση: Ciudad de México : Universidad Nacional Autónoma de México, Centro de Investigaciones Interdisciplinarias en Ciencias y Humanidades, 2022.
Έκδοση:Primera edición electrónica.
Σειρά:Debate y reflexión.
Θέματα:
Διαθέσιμο Online:https://elibro.unach.elogim.com/es/lc/unach/titulos/279115
Ετικέτες: Προσθήκη ετικέτας
Δεν υπάρχουν, Καταχωρήστε ετικέτα πρώτοι!

MARC

LEADER 00000nam a2200000 i 4500
001 ELB279115
003 FINmELB
005 202507220000.0
006 m o d |
007 cr cnu||||||||
008 250720s2022 mx o 000 0 spa d
020 |a 9786073061018  |q (ebook) 
035 |a (OCoLC)1528757582 
040 |a FINmELB  |b spa  |e rda  |c FINmELB 
041 0 |a spa 
050 4 |a Z992  |b .T636 2022 
080 |a 027.1 
082 0 4 |a 027.00972  |2 23 
245 0 0 |a Todos mis libros :  |b reflexiones en torno a las bibliotecas personales en México y América Latina /  |c Marina Garone Gravier y Mauricio Sánchez Menchero, editores. 
250 |a Primera edición electrónica. 
264 1 |a Ciudad de México :  |b Universidad Nacional Autónoma de México, Centro de Investigaciones Interdisciplinarias en Ciencias y Humanidades,  |c 2022. 
300 |a 1 recurso en línea 
336 |a texto  |b txt  |2 rdacontent/spa 
337 |a computadora  |b c  |2 rdamedia/spa 
338 |a recurso en línea  |b cr  |2 rdacarrier/spa 
490 1 |a Debate y reflexión 
520 |a Ensayos sobre el valor simbólico, histórico y personal de las bibliotecas privadas, escritos por especialistas desde diversas perspectivas en México y América Latina. 
588 |a Descripción basada en metadatos suministrados por el editor y otras fuentes. 
590 |a Recurso electrónico. Santa Fe, Arg.: elibro, 2025. Disponible vía World Wide Web. El acceso puede estar limitado para las bibliotecas afiliadas a elibro. 
650 4 |a Bibliotecas personales  |z México. 
650 4 |a Libros y lectura  |z América Latina. 
650 4 |a Lectores y lectura. 
655 4 |a Libros electrónicos. 
700 1 |a Garone Gravier, Marina,  |e editora. 
700 1 |a Sánchez Menchero, Mauricio,  |e editor. 
797 2 |a elibro, Corp. 
830 0 |a Debate y reflexión. 
856 4 0 |u https://elibro.unach.elogim.com/es/lc/unach/titulos/279115